Indexy spôsobilosti a podiel nezhodných výrobkov v procese

Spôsobilosť požiadavkám. Vzťah medzi indexami spôsobilosti procesu a percentom nezhodných výrobkov. Matematický postup odhadu podielu nezhodných výrobkov.

Na minha lista:
Detalhes bibliográficos
Autor principal: Hrnčiarová, Ľubica
Outros Autores: Terek, Milan
Formato: Capítulo de Livro
Idioma:eslovaco
Assuntos:
Tags: Adicionar Tag
Sem tags, seja o primeiro a adicionar uma tag!

MARC

LEADER 00000naa$a2200000$$$4500
001 0019289
005 20220606115627.0
041 0 |a slo 
044 |a SK 
245 1 0 |a Indexy spôsobilosti a podiel nezhodných výrobkov v procese  |c Ľubica Hrnčiarová, Milan Terek 
520 |a Spôsobilosť požiadavkám. Vzťah medzi indexami spôsobilosti procesu a percentom nezhodných výrobkov. Matematický postup odhadu podielu nezhodných výrobkov. 
610 2 0 |a riadenie kvality 
610 2 0 |a štatistika aplikovaná 
610 2 0 |a ukazovatele kvalitatívne 
610 2 0 |a výrobky 
610 2 0 |a proces výrobný 
610 2 0 |a indexy 
100 1 |a Hrnčiarová, Ľubica 
700 1 |a Terek, Milan